Aquatic ecology / (Record no. 2534)

MARC details
000 -LEADER
fixed length control field 00589nam a22002057a 4500
005 - DATE AND TIME OF LATEST TRANSACTION
control field 20260304075513.0
008 - FIXED-LENGTH DATA ELEMENTS--GENERAL INFORMATION
fixed length control field 260226b |||||||| |||| 00| 0 eng d
020 ## - INTERNATIONAL STANDARD BOOK NUMBER
International Standard Book Number 978-93-92333-01-9
082 ## - DEWEY DECIMAL CLASSIFICATION NUMBER
Classification number 578.76 Up65 2023
100 ## - MAIN ENTRY--PERSONAL NAME
Personal name Upadhyay, Sushi K.
9 (RLIN) 316
245 ## - TITLE STATEMENT
Title Aquatic ecology /
Statement of responsibility, etc. Sushi Kumar Upadhyay, Raj Singh
250 ## - EDITION STATEMENT
Edition statement 1st ed.
260 ## - PUBLICATION, DISTRIBUTION, ETC.
Place of publication, distribution, etc. New Delhi, IN:
Name of publisher, distributor, etc. Paradise Press,
Date of publication, distribution, etc. c2023
300 ## - PHYSICAL DESCRIPTION
Extent x, 302p.:
Other physical details ill.
504 ## - BIBLIOGRAPHY, ETC. NOTE
Bibliography, etc. note Includes index
541 ## - IMMEDIATE SOURCE OF ACQUISITION NOTE
Accession number 7940 c.1
650 ## - SUBJECT ADDED ENTRY--TOPICAL TERM
Topical term or geographic name entry element Freshwater biology
9 (RLIN) 317
650 ## - SUBJECT ADDED ENTRY--TOPICAL TERM
Topical term or geographic name entry element Aquaculture
9 (RLIN) 308
700 ## - ADDED ENTRY--PERSONAL NAME
Personal name Singh, Raj
Relator term author
9 (RLIN) 318
Holdings
Withdrawn status Lost status Source of classification or shelving scheme Damaged status Not for loan Home library Current library Date acquired Total Checkouts Full call number Barcode Date last seen Copy number Price effective from Koha item type
    Dewey Decimal Classification     ctu-moalboal ctu-moalboal 06/20/2024   578.76 Up65 2023 7940 02/26/2026 1 02/26/2026 Books-Reference